000 00405pab a2200157 454500
008 180718b2014 xxu||||| |||| 00| 0 eng d
100 _aRust, John
245 _aThe limits of inference with theory: A review of Wolpin (2013)
260 _c2014
300 _ap.820-850.
362 _aSep
650 _aWolpin, Kenneth I
773 _aJournal of Economic Literature
908 _aN
909 _a106393
999 _c106388
_d106388